[Event "Montreal op"]
[Site "Montreal"]
[Date "2005.07.19"]
[Round "3"]
[White "Robidas, Francois"]
[Black "Gacogne, Charlie"]
[Result "0-1"]
[WhiteElo "2125"]
[BlackElo "2003"]
[PlyCount "78"]
[EventDate "2005.07.15"]
[EventType "swiss"]
[EventRounds "9"]
[EventCountry "CAN"]
[SourceTitle "EXT 2007"]
[Source "ChessBase"]
[SourceDate "2006.11.23"]
[SourceVersion "1"]
[SourceVersionDate "2006.11.23"]
[SourceQuality "1"]

1. e4 d6 2. d4 Nf6 3. f3 Nbd7 4. c4 e5 5. d5 Nxe4 6. fxe4 Qh4+ 7. Kd2 Qxe4 8. Nc3 Qg6 9. Qf3 f5 10. Nb5 Kd8 11. h4 Nc5 12. h5 Qf6 13. Nh3 g5 14. hxg6 hxg6 15. Ke1 Be7 16. Bg5 Qg7 17. Bxe7+ Qxe7 18. Nf2 Rxh1 19. Nxh1 Bd7 20. Nc3 Qh4+ 21. g3 Qh2 22. Nf2 Ke7 23. Rd1 a5 24. Rd2 Qh6 25. Nd3 e4 26. Qe2 Qg5 27. Kf2 Nxd3+ 28. Rxd3 Rh8 29. Bg2 Kd8 30. Rd1 f4 31. Nxe4 fxg3+ 32. Nxg3 Rf8+ 33. Bf3 Bg4 34. Rd3 Qh4 35. Qe4 Qh2+ 36. Ke3 Re8 37. Bxg4 Qxg3+ 38. Bf3 Rxe4+ 39. Kxe4 Qe5# 0-1

[Event "Montreal op"]
[Site "Montreal"]
[Date "2005.07.17"]
[Round "1"]
[White "Luksza, Arkadiusz"]
[Black "Gacogne, Charlie"]
[Result "1-0"]
[WhiteElo "2173"]
[BlackElo "2003"]
[PlyCount "75"]
[EventDate "2005.07.15"]
[EventType "swiss"]
[EventRounds "9"]
[EventCountry "CAN"]
[SourceTitle "EXT 2007"]
[Source "ChessBase"]
[SourceDate "2006.11.23"]
[SourceVersion "1"]
[SourceVersionDate "2006.11.23"]
[SourceQuality "1"]

1. c4 Nf6 2. Nc3 e5 3. g3 Be7 4. Bg2 0-0 5. Nf3 d6 6. d4 Nbd7 7. 0-0 c6 8. Qc2 Qc7 9. Rd1 a6 10. h3 Rb8 11. Be3 Re8 12. Rac1 Bf8 13. a3 exd4 14. Bxd4 Ne5 15. Nxe5 dxe5 16. Ba7 Ra8 17. Be3 Be6 18. Na4 Rad8 19. Re1 c5 20. b4 Nd7 21. b5 axb5 22. cxb5 b6 23. Kh2 c4 24. Bc6 Bxa3 25. Ra1 Bb4 26. Red1 Ba5 27. Nc3 Rf8 28. Ne4 Bf5 29. Qxc4 Bxe4 30. Qxe4 Nf6 31. Qc2 Rxd1 32. Rxd1 Rd8 33. Rd3 Rxd3 34. Qxd3 Qe7 35. Qf5 g6 36. Qc8+ Kg7 37. Qb8 Nd7 38. Qc7 1-0

[Event "Quebec Carnaval op"]
[Site "Quebec"]
[Date "2005.02.20"]
[Round "4"]
[White "Beaudoin, Stephane"]
[Black "Gacogne, Charlie"]
[Result "0-1"]
[WhiteElo "2070"]
[BlackElo "1836"]
[PlyCount "34"]
[EventDate "2005.02.??"]
[EventType "swiss"]
[EventRounds "5"]
[EventCountry "CAN"]
[SourceTitle "EXT 2006"]
[Source "ChessBase"]
[SourceDate "2005.11.24"]
[SourceVersion "1"]
[SourceVersionDate "2005.11.24"]
[SourceQuality "1"]

1. e4 d6 2. d4 Nf6 3. Nc3 Nbd7 4. Nf3 e5 5. Bc4 Be7 6. 0-0 0-0 7. dxe5 dxe5 8. Qe2 c6 9. a4 Qc7 10. Nh4 Nc5 11. Nf5 Be6 12. Nxe7+ Qxe7 13. Bg5 Bxc4 14. Qxc4 Ne6 15. Bh4 Rad8 16. Rad1 Nf4 17. Ne2 Qe6 0-1

[Event "Aurec Cup"]
[Site "Aurec"]
[Date "2002.06.16"]
[Round "5"]
[White "Gacogne, Charlie"]
[Black "Foulon, Thibaut"]
[Result "1/2-1/2"]
[WhiteElo "1950"]
[BlackElo "1900"]
[PlyCount "43"]
[EventDate "2002.06.??"]
[EventType "team"]
[EventRounds "5"]
[EventCountry "FRA"]
[SourceTitle "EXT 2004"]
[Source "ChessBase"]
[SourceDate "2003.11.25"]
[SourceVersion "1"]
[SourceVersionDate "2003.11.25"]
[SourceQuality "1"]

1. e4 d5 2. exd5 Qxd5 3. Nc3 Qa5 4. Bc4 Nf6 5. d3 Bf5 6. Bd2 Qe5+ 7. Qe2 Qxe2+ 8. Ngxe2 e6 9. f3 c6 10. h4 h6 11. 0-0-0 Nbd7 12. Ne4 0-0-0 13. N2c3 Be7 14. Bb3 Nc5 15. Bc4 Ncd7 16. Bf4 Nb6 17. Bb3 Nfd5 18. Bd2 Bg6 19. Rde1 Rhg8 20. h5 Bh7 21. g4 Nxc3 22. Bxc3 1/2-1/2

[Event "Aurec Cup"]
[Site "Aurec"]
[Date "2002.06.15"]
[Round "1"]
[White "Gacogne, Charlie"]
[Black "Soyez, Cyril"]
[Result "0-1"]
[WhiteElo "1950"]
[BlackElo "2070"]
[PlyCount "43"]
[EventDate "2002.06.??"]
[EventType "team"]
[EventRounds "5"]
[EventCountry "FRA"]
[SourceTitle "EXT 2004"]
[Source "ChessBase"]
[SourceDate "2003.11.25"]
[SourceVersion "1"]
[SourceVersionDate "2003.11.25"]
[SourceQuality "1"]

1. e4 c5 2. Nc3 g6 3. g3 Bg7 4. Bg2 Nc6 5. d3 e6 6. Nge2 Nge7 7. 0-0 0-0 8. Be3 Nd4 9. Qd2 f5 10. f4 d5 11. exd5 exd5 12. Nd1 Nxe2+ 13. Qxe2 d4 14. Bd2 Re8 15. Re1 Qc7 16. Qf3 Rb8 17. b3 Bd7 18. Nb2 Bc6 19. Qf2 Nd5 20. Bxd5+ Bxd5 21. Rxe8+ Rxe8 22. Rc1 0-1

[Event "Aurec Cup"]
[Site "Aurec"]
[Date "2002.06.15"]
[Round "2"]
[White "Kousnetsoff, Dimitri"]
[Black "Gacogne, Charlie"]
[Result "1-0"]
[WhiteElo "2070"]
[BlackElo "1950"]
[PlyCount "75"]
[EventDate "2002.06.??"]
[EventType "team"]
[EventRounds "5"]
[EventCountry "FRA"]
[SourceTitle "EXT 2004"]
[Source "ChessBase"]
[SourceDate "2003.11.25"]
[SourceVersion "1"]
[SourceVersionDate "2003.11.25"]
[SourceQuality "1"]

1. Nf3 Nf6 2. c4 g6 3. Nc3 Bg7 4. e4 0-0 5. d4 d6 6. g3 Nbd7 7. Bg2 c6 8. h3 e5 9. 0-0 Re8 10. Re1 exd4 11. Nxd4 Ne5 12. b3 Qa5 13. Bb2 Nh5 14. Kh2 Qb6 15. Na4 Qc7 16. Rc1 a6 17. Rc2 c5 18. Nf3 b5 19. Nc3 Qb8 20. Rd2 bxc4 21. Nxe5 dxe5 22. bxc4 Be6 23. Nd5 Ra7 24. Ba3 Qc8 25. Qa4 Rd8 26. Red1 Bxd5 27. Rxd5 Rxd5 28. cxd5 f5 29. d6 Nf6 30. Qc4+ Kf8 31. Qxc5 Qxc5 32. Bxc5 Rd7 33. exf5 gxf5 34. Bc6 Rd8 35. d7+ Kf7 36. Bb6 Ke7 37. Bxd8+ Kxd8 38. Rb1 1-0